[Event "Vojvodina op 9th"]
[Site "Novi Sad"]
[Date "2018.07.22"]
[Round "1"]
[White "Parezanin, Darko"]
[Black "Grujic, Danijela"]
[Result "1/2-1/2"]
[WhiteElo "2265"]
[BlackElo "2033"]
[PlyCount "43"]
[EventDate "2018.07.22"]
[EventType "swiss"]
[EventRounds "9"]
[EventCountry "YUG"]
[SourceTitle "CBM 185 Extra"]
[Source "ChessBase"]
[SourceDate "2018.07.29"]
[SourceVersion "1"]
[SourceVersionDate "2018.07.29"]
[SourceQuality "1"]

1. e4 c5 2. Nf3 Nc6 3. Bb5 d6 4. Bxc6+ bxc6 5. d3 Rb8 6. 0-0 g6 7. Re1 e5 8. Nbd2 Bg7 9. Nc4 Ne7 10. h3 h6 11. Bd2 0-0 12. a3 Be6 13. b4 cxb4 14. axb4 Qd7 15. c3 f5 16. Qe2 Rf7 17. Be3 Nc8 18. Bd2 Kh7 19. Ra6 fxe4 20. dxe4 Nb6 21. Nxb6 axb6 22. Be3 1/2-1/2

[Event "Vojvodina-chT"]
[Site "Kac"]
[Date "2016.11.15"]
[Round "1.2"]
[White "Parezanin, Darko"]
[Black "Varga, Zoltan"]
[Result "0-1"]
[WhiteElo "2278"]
[BlackElo "2418"]
[PlyCount "84"]
[EventDate "2016.11.15"]
[EventType "team-tourn"]
[EventRounds "11"]
[EventCountry "SRB"]
[SourceTitle "CBM 175 Extra"]
[Source "ChessBase"]
[SourceDate "2016.12.12"]
[SourceVersion "1"]
[SourceVersionDate "2016.12.12"]
[SourceQuality "1"]
[WhiteTeam "Kraljica PTT"]
[BlackTeam "Backa Pacir"]
[WhiteTeamCountry "SRB"]
[BlackTeamCountry "SRB"]

1. e4 Nf6 2. e5 Nd5 3. Bc4 Nb6 4. Bb3 c5 5. d3 Nc6 6. Nf3 d5 7. exd6 exd6 8. 0-0 Be7 9. Nc3 d5 10. Na4 0-0 11. Nxb6 axb6 12. Re1 Bg4 13. c3 Bf6 14. h3 Bh5 15. Bf4 d4 16. c4 Qd7 17. g4 Bg6 18. Ba4 Rfe8 19. Be5 Bd8 20. Bb5 h5 21. Bg3 Bc7 22. Bxc7 Qxc7 23. Rxe8+ Rxe8 24. Nh4 Bh7 25. Ng2 hxg4 26. hxg4 Re6 27. Bxc6 bxc6 28. Qd2 Rh6 29. f4 Rh3 30. Qe2 Bxd3 31. Qe8+ Kh7 32. Re1 Bxc4 33. Re7 Qd6 34. Rxf7 Bxf7 35. Qxf7 Qg6 36. Qd7 Qb1+ 37. Kf2 Qxb2+ 38. Kg1 Qb1+ 39. Kf2 Qxa2+ 40. Kg1 Qb1+ 41. Kf2 Qc2+ 42. Kg1 Rg3 0-1

[Event "Vojvodina-chT"]
[Site "Pancevo"]
[Date "2007.09.30"]
[Round "9"]
[White "Parezanin, Darko"]
[Black "Strbac, Mladen"]
[Result "1-0"]
[WhiteElo "2285"]
[BlackElo "2310"]
[PlyCount "105"]
[EventDate "2007.09.24"]
[EventType "team-tourn"]
[EventRounds "9"]
[EventCountry "SRB"]
[SourceTitle "EXT 2023"]
[Source "ChessBase"]
[SourceDate "2022.10.05"]
[SourceVersion "1"]
[SourceVersionDate "2022.10.05"]
[SourceQuality "1"]

1. e4 e6 2. Nf3 d5 3. Nc3 Nf6 4. e5 Nfd7 5. d4 c5 6. dxc5 Nc6 7. Bf4 Bxc5 8. Bd3 Be7 9. Bg3 a6 10. 0-0 0-0 11. Re1 Nc5 12. Bf1 f5 13. exf6 Bxf6 14. Ne5 Nxe5 15. Bxe5 Bxe5 16. Rxe5 Qf6 17. Re2 Kh8 18. Qd2 Bd7 19. Rae1 Bb5 20. Nxb5 axb5 21. Qe3 Nd7 22. Qb3 Rf7 23. a3 Raf8 24. f3 Qd4+ 25. Re3 Nf6 26. Qb4 Qa7 27. Kh1 Ne4 28. Rxe4 dxe4 29. Qxe4 Qb6 30. Bd3 g6 31. Qxe6 Qxe6 32. Rxe6 Rc7 33. Rb6 Kg7 34. Rxb5 Re8 35. Kg1 Kf6 36. Kf2 Re5 37. Rb4 Ke7 38. Be4 Re6 39. c4 b6 40. Bd5 Rf6 41. g3 g5 42. Ke3 h5 43. Kd4 g4 44. f4 Rc8 45. Rb3 h4 46. Ke5 Rh8 47. Re3 hxg3 48. hxg3 Rh2 49. b4 Rh3 50. Kd4+ Kd7 51. c5 bxc5+ 52. Kxc5 Rxf4 53. Bc6+ 1-0

[Event "Vojvodina-chT"]
[Site "Pancevo"]
[Date "2007.09.29"]
[Round "8"]
[White "Kostic, V Vladimir"]
[Black "Parezanin, Darko"]
[Result "1/2-1/2"]
[WhiteElo "2318"]
[BlackElo "2285"]
[PlyCount "116"]
[EventDate "2007.09.24"]
[EventType "team-tourn"]
[EventRounds "9"]
[EventCountry "SRB"]
[SourceTitle "EXT 2023"]
[Source "ChessBase"]
[SourceDate "2022.10.05"]
[SourceVersion "1"]
[SourceVersionDate "2022.10.05"]
[SourceQuality "1"]

1. c4 e5 2. g3 Nc6 3. Bg2 g6 4. Nc3 Bg7 5. e4 d6 6. Nge2 Nge7 7. 0-0 Nd4 8. Nxd4 exd4 9. Ne2 0-0 10. d3 Be6 11. Bf4 c6 12. Qd2 Re8 13. Bh6 Bh8 14. Nf4 Bd7 15. Rae1 a5 16. h3 a4 17. g4 Qa5 18. Ne2 Qxd2 19. Bxd2 Reb8 20. Rc1 b5 21. c5 d5 22. exd5 Nxd5 23. Bxd5 cxd5 24. c6 Be6 25. Nf4 Re8 26. Rfe1 Bf6 27. Rc5 Bg5 28. Rxb5 Reb8 29. Rxb8+ Rxb8 30. Bc1 Bxf4 31. Bxf4 Rxb2 32. c7 Rc2 33. Rb1 f6 34. Rb8+ Kf7 35. Bd6 Bd7 36. a3 h5 37. gxh5 gxh5 38. Kg2 Rc3 39. h4 Ke6 40. Bg3 Kf5 41. Bd6 Ke6 42. Bg3 Kf5 43. Rd8 Ke6 44. Rh8 Ke7 45. Rxh5 Rxa3 46. Rh8 Rc3 47. Ra8 a3 48. h5 Kf7 49. h6 Kg6 50. Bf4 Be6 51. Bd6 Kxh6 52. Rxa3 Rxa3 53. Bxa3 Kg6 54. Bb2 Kf7 55. Bxd4 Ke7 56. Be3 Kd7 57. Bf4 d4 58. Kf3 Bf5 1/2-1/2

[Event "Vojvodina-chT"]
[Site "Sremska Mitrovica"]
[Date "2006.09.25"]
[Round "5"]
[White "Kitic, Dusan"]
[Black "Parezanin, Darko"]
[Result "1-0"]
[WhiteElo "2244"]
[BlackElo "2300"]
[PlyCount "31"]
[EventDate "2006.09.22"]
[EventType "team"]
[EventRounds "9"]
[EventCountry "YUG"]
[SourceTitle "CBM 114 Extra"]
[Source "ChessBase"]
[SourceDate "2006.11.03"]
[SourceVersion "1"]
[SourceVersionDate "2006.11.03"]
[SourceQuality "1"]

1. d4 Nf6 2. c4 e6 3. Nf3 b6 4. Nc3 Bb7 5. a3 d5 6. cxd5 exd5 7. g3 Nbd7 8. Bg2 Ne4 9. Nxe4 dxe4 10. Ng5 Qe7 11. d5 0-0-0 12. Nxe4 g6 13. 0-0 Bg7 14. d6 Qe6 15. Ng5 Qc4 16. dxc7 1-0

[Event "Vojvodina-chT"]
[Site "Sremska Mitrovica"]
[Date "2006.09.24"]
[Round "4"]
[White "Mastilovich, Rajko"]
[Black "Parezanin, Darko"]
[Result "1/2-1/2"]
[WhiteElo "2055"]
[BlackElo "2300"]
[PlyCount "95"]
[EventDate "2006.09.22"]
[EventType "team"]
[EventRounds "9"]
[EventCountry "YUG"]
[SourceTitle "CBM 114 Extra"]
[Source "ChessBase"]
[SourceDate "2006.11.03"]
[SourceVersion "1"]
[SourceVersionDate "2006.11.03"]
[SourceQuality "1"]

1. d4 Nf6 2. Bg5 c6 3. Nf3 Ne4 4. Bf4 Qb6 5. Qc1 d6 6. c3 e5 7. Be3 exd4 8. Nxd4 c5 9. Nc2 Be7 10. g3 Nd7 11. Bg2 Nef6 12. Nba3 Qa6 13. 0-0 Ne5 14. Re1 Bd7 15. Bg5 Bc6 16. f4 Ned7 17. e4 0-0 18. Ne3 Rfe8 19. Nf5 Bf8 20. Qc2 h6 21. Bxf6 Nxf6 22. Rad1 Rad8 23. h3 Ba4 24. b3 Bd7 25. Nc4 Bxf5 26. exf5 Rxe1+ 27. Rxe1 b5 28. Nd2 d5 29. Kh2 d4 30. c4 b4 31. Nf3 d3 32. Qd2 Qc8 33. g4 Bd6 34. Ne5 Qb8 35. Nxd3 Bc7 36. Qe3 Rd4 37. Ne5 Nd7 38. Nxd7 Bxf4+ 39. Kh1 Rxd7 40. Qe8+ Qxe8 41. Rxe8+ Kh7 42. Bd5 h5 43. Kg2 hxg4 44. hxg4 g5 45. Kf3 Kg7 46. Rc8 Rc7 47. Rxc7 Bxc7 48. Ke4 1/2-1/2

[Event "Vojvodina-chT"]
[Site "Pancevo"]
[Date "2005.10.07"]
[Round "7"]
[White "Parezanin, Darko"]
[Black "Roganovic, Milos"]
[Result "1/2-1/2"]
[WhiteElo "2255"]
[BlackElo "2244"]
[PlyCount "115"]
[EventDate "2005.10.03"]
[EventType "team"]
[EventRounds "9"]
[EventCountry "YUG"]
[SourceTitle "CBM 108 Extra"]
[Source "ChessBase"]
[SourceDate "2005.11.04"]
[SourceVersion "1"]
[SourceVersionDate "2005.11.04"]
[SourceQuality "1"]

1. e4 d5 2. exd5 Nf6 3. d4 Nxd5 4. c4 Nb6 5. Nc3 e5 6. d5 Bb4 7. Qb3 Qe7 8. Nge2 0-0 9. a3 Bc5 10. Ne4 Na6 11. Nxc5 Nxc5 12. Qc2 e4 13. Be3 Nd3+ 14. Kd2 c6 15. dxc6 bxc6 16. Nf4 Ba6 17. Bxb6 Nxf4 18. Be3 Rfd8+ 19. Kc1 Nd3+ 20. Bxd3 exd3 21. Qc3 Qe4 22. Kd2 Bxc4 23. Rhe1 Be6 24. Bxa7 Qf4+ 25. Be3 Qxh2 26. Rh1 Qd6 27. Rh5 Rab8 28. Rah1 Rb3 29. Rxh7 f6 30. Rh8+ Kf7 31. Rxd8 Qxd8 32. Qd4 Qb8 33. Kc1 c5 34. Qxc5 Rxb2 35. Qa7+ Qxa7 36. Bxa7 Ra2 37. Bd4 Bf5 38. Kb1 Rxa3 39. Kb2 Ra4 40. Be3 Rg4 41. g3 Rb4+ 42. Kc3 Rb7 43. Rc1 g5 44. Rd1 Rc7+ 45. Kd4 Kg6 46. Rd2 g4 47. Bf4 Rd7+ 48. Ke3 Kf7 49. Rb2 Re7+ 50. Kd4 Re1 51. Rb7+ Kg6 52. Rb2 Rf1 53. Be3 Re1 54. Kc3 Ra1 55. Kd2 Ra5 56. Rb3 Be4 57. Rb4 Bf3 58. Rd4 1/2-1/2